000 00532aam a2200229 4500
005 20241008092255.0
008 150529b xxu||||| |||| 00| 0 spa d
020 _a9788466332965
041 _aESP
082 _a813.6 M613c
100 _aMeyer, Stephenie
_97212
245 _aCrepúsculo
260 _aEstados Unidos
260 _bDebolsillo
260 _c2015
300 _a504 páginas
440 _aCrepúsculo
650 _aLITERATURA ESTADOUNIDENSE
650 _aNOVELA
650 _aVAMPIROS
942 _cLIT
_2ddc
999 _c9715
_d9715